Asignaciones familiares en Costa Rica: Impacto en la economía y el desarrollo demográfico
שמור ב:
| מחבר ראשי: | |
|---|---|
| פורמט: | Texto |
| שפה: | Spanish |
| יצא לאור: |
San José:
UCR. CESPO
|
| תגים: |
הוספת תג
אין תגיות, היה/י הראשונ/ה לתייג את הרשומה!
|
MARC
| LEADER | 00000 a a2200000 04500 | ||
|---|---|---|---|
| 001 | 15251 | ||
| 003 | cru CIDCACS/IIS | ||
| 005 | 20231024115242.0 | ||
| 008 | 231019b |||||||| |||| 00| 0 spa d | ||
| 040 | |c cru CIDCACS/IIS | ||
| 090 | |a 02.01.02 Z93a | ||
| 100 | |a Zumbado Jiménez, Fernando | ||
| 245 | |a Asignaciones familiares en Costa Rica: Impacto en la economía y el desarrollo demográfico | ||
| 260 | |a San José: |b UCR. CESPO | ||
| 300 | |a 103 p. | ||
| 942 | |2 z |c LI |h 02.01.02 Z93a |i 05785 |6 020102_Z93A_05785 | ||
| 999 | |c 7890 |d 7890 | ||
